header

The Apocryphal Gospels (Record no. 170085)

MARC details
000 -LEADER
fixed length control field 01334nam a2200349 a 4500
082 04 - DEWEY DECIMAL CLASSIFICATION NUMBER
Classification number 229.8
100 1# - MAIN ENTRY--AUTHOR NAME
Personal name Foster, Paul,
245 14 - TITLE STATEMENT
Title The Apocryphal Gospels
260 ## - PUBLICATION, DISTRIBUTION, ETC. (IMPRINT)
Place of publication Oxford ;
-- New York :
Name of publisher Oxford University Press,
Year of publication 2009.
300 ## - PHYSICAL DESCRIPTION
Number of Pages 152 p. :
Other physical details ill., maps.
490 1# - SERIES STATEMENT
Series statement Very short introductions ;
856 40 - ELECTRONIC LOCATION AND ACCESS
Uniform Resource Identifier http://site.ebrary.com/lib/rucke/Doc?id=10300140

No items available.

© 2026 Rongo University
Contact us: librarian | system librarian | Rongo university